| 000 | 00911cam a2200289 i 4500 | ||
|---|---|---|---|
| 001 | 57708 | ||
| 003 | CO-BoRNBP | ||
| 005 | 20250724170215.0 | ||
| 007 | ta | ||
| 008 | 910220s1971 sp 0011 spa d | ||
| 040 |
_aSpMaBN _bspa _cSpMaBN _erdc |
||
| 080 | _a82:316 | ||
| 100 | 1 |
_aEscarpit, Robert _d1918-2000 _961396 |
|
| 240 | 1 | 0 | _aSociología de la literatura |
| 245 | 1 | 0 |
_aSociología de la literatura _h[Texto impreso] _cRobert Escarpit ; [traducción de Francesc Garriga] |
| 250 | _a1a. edición | ||
| 300 |
_a124 p. _c18 cm |
||
| 336 |
_2rdacontent _atexto _btxt |
||
| 337 |
_2rdamedia _asin mediación _bn |
||
| 338 |
_2rdacarrier _avolumen _bnc |
||
| 650 | 4 |
_aLiteratura y sociedad _2embne _939671 |
|
| 700 | 1 |
_aGarriga Barata, Francesc _d1932-2015 _961397 |
|
| 901 | _aBiblioteca del Bibliotecario | ||
| 942 |
_2ddc _cBK |
||
| 956 | _a1 | ||
| 980 |
_aSpMaBN _bBNMADRID _kSDB _h028 _dSDB 82:301 ESC _cSDB |
||
| 999 |
_c57708 _d57708 |
||